Search the Library Catalogue
| 000 -LEADER | |
|---|---|
| fixed length control field | 00806nam a2200217Ia 4500 |
| 008 - FIXED-LENGTH DATA ELEMENTS--GENERAL INFORMATION | |
| fixed length control field | 191130s2001##################000#0#eng## |
| 020 ## - INTERNATIONAL STANDARD BOOK NUMBER | |
| ISBN | 9780198167358 |
| 082 ## - DEWEY DECIMAL CLASSIFICATION NUMBER | |
| Classification number | 792.545 LAT |
| 100 ## - MAIN ENTRY--AUTHOR NAME | |
| Personal name | Latham, Alison |
| 245 ## - TITLE STATEMENT | |
| Title | Verdi in performance : edited by Alison Latham and Roger Parker |
| 260 ## - PUBLICATION, DISTRIBUTION, ETC. (IMPRINT) | |
| Place of publication | Oxford |
| Name of publisher | Oxford University Press |
| Year of publication | 2001 |
| 300 ## - PHYSICAL DESCRIPTION | |
| Number of Pages | xii, 196 p. : ill., music ; 24 cm |
| 500 ## - GENERAL NOTE | |
| General note | Papers principally given at a conference entitled Verdi in performance which took place at the Royal Opera House, Covent Garden, 1995. Includes bibliographical references and index |
| 650 ## - SUBJECT ADDED ENTRY--TOPICAL TERM | |
| Topical Term | Verdi, Giuseppe, 1813-1901 - Congresses |
| 700 ## - ADDED ENTRY--PERSONAL NAME | |
| Personal name | Parker, Roger |
| 991 ## - | |
| -- | 365853 |
| Withdrawn status | Lost status | Damaged status | Not for loan | Home library | Current library | Shelving location | Date acquired | Full call number | Accession Number | Price effective from | Koha item type |
|---|---|---|---|---|---|---|---|---|---|---|---|
| Anna Centenary Library | Anna Centenary Library | 6TH FLOOR, B WING | 09.10.2020 | 792.545 LAT | 286651 | 09.10.2020 | English Books |